In Her Shadow In Her Shade/ (Record no. 167340)

MARC details
000 -LEADER
fixed length control field 00549nam a22001817a 4500
010 ## - LCCN (DPL NO)
LC control number ENG-126343
020 ## - INTERNATIONAL STANDARD BOOK NUMBER
International Standard Book Number 978-93-86191-47-2
Terms of availability 350.00
035 ## - SYSTEM CONTROL NUMBER
System control number EN-109875
037 ## - SOURCE OF ACQUISITION
Stock number DBAD/PUB
082 ## - DEWEY DECIMAL CLASSIFICATION NUMBER
Classification number N
100 ## - MAIN ENTRY--PERSONAL NAME
Personal name Nair,Suresh
245 ## - TITLE STATEMENT
Title In Her Shadow In Her Shade/
Statement of responsibility, etc by Suresh Nair
260 ## - PUBLICATION, DISTRIBUTION, ETC. (IMPRINT)
Name of publisher, distributor, etc Published By LiFi
Date of publication, distribution, etc 2018
Place of publication, distribution, etc Delhi
270 ## - ADDRESS
Address 211, 2nd Floor, Gangandeep 12,Rajendra Place
City Delhi
Postal code 110008
Electronic mail address info@lifipublications.com
Telephone number 011-25741000
300 ## - PHYSICAL DESCRIPTION
Extent 138p.
Other physical details 20cm.(pbk)
650 ## - SUBJECT ADDED ENTRY--TOPICAL TERM
Topical term or geographic name as entry element English Novel
942 ## - ADDED ENTRY ELEMENTS (KOHA)
Source of classification or shelving scheme Dewey Decimal Classification
Item type English Books
Classification part N
Call number suffix NAI
Holdings
Withdrawn status Lost status Not for loan Collection code Home library Current library Date acquired Source of acquisition Cost, normal purchase price Full call number Barcode Copy number Cost, replacement price Koha item type
      Fiction Bawana Bawana 28/08/2019 DBAD/PUB 350.00 N NAI EN-109875 1 350.00 English Books

© Delhi Public Library
Hit Counter
free hit counter